| 000 | 00384nam a2200157Ia 4500 | ||
|---|---|---|---|
| 008 | 230711s9999||||xx |||||||||||||| ||und|| | ||
| 020 | _a978-81-261-3729-9 | ||
| 041 | _aENG | ||
| 082 |
_a630 _bSI-E |
||
| 100 | _asingh ,gyan deep | ||
| 245 | 0 | _aBasics of Entomology | |
| 260 |
_c2022 _aNew Delhi _bAnmol Publication(P) Ltd. |
||
| 300 | _a280p. | ||
| 650 | _aAgriculture | ||
| 942 | _cBK | ||
| 999 |
_c7648 _d7648 |
||